The Haunted Mansion Ride Trivia Quiz - Statistics

General Stats
  • This quiz has been taken 43 times
  • The average score is 13 of 20
Answer Stats
Group Name Hint Answer % Correct
Stretching Portrait Predicaments Young woman Balancing above an {alligator} on a tightrope
91%
Stretching Portrait Predicaments Man with a bowler hat Sitting on the shoulders of two men sinking in {quicksand}
88%
Stretching Portrait Predicaments Bearded man Standing on a barrel of {dynamite}
88%
Trivia Name used to refer to the Omnimover ride vehicles {Doom} Buggies
81%
Trivia The number of "happy haunts" in the mansion, according to the Ghost Host 999
78%
Trivia Park in which the ride appears in Walt Disney World Magic Kingdom
78%
Stretching Portrait Predicaments Old woman Sitting on a {gravestone}
75%
Ghosts Beloved ghost in the Disneyland ride who disappeared for 46 years Hatbox Ghost
66%
Trivia Movie which the holiday overlay for the ride is based on The Nightmare Before Christmas
66%
Ghosts Tall hitchhiking ghost Ezra
59%
Trivia Song by X Atencio and Buddy Baker used throughout the ride Grim Grinning Ghosts
59%
Trivia "Themed lands" in each park where the ride is {Liberty} Square
59%
Ghosts Short hitchhiking ghost Gus
56%
Trivia Fortune teller who recites rhyming incantations Madame Leota
56%
Ghosts Hitchhiking ghost who carries a carpetbag Phineas
56%
Trivia "Themed lands" in each park where the ride is {New Orleans} Square
53%
Ghosts Axe-wielding ghost bride Constance Hatchaway
50%
Trivia Illusory technique used heavily in the ballroom Pepper's Ghost
50%
Ghosts Pirate captain featured in early scripts Captain {Gore}
34%
Trivia Voice actor of the "Ghost Host" Paul Frees
31%
No matching quizzes found
Score Distribution
Percent of People with Each Score
Percentile by Number Answered
Your Score History
You have not taken this quiz